Geography Quiz

Random Geography or City Quiz

US Cities In Other Words Quiz Stats

Quiz Updated Jan 24, 2016

Challenge
Share
Tweet
Embed
Score 0/28 Timer 07:00
0 Plays Today
Clue City % Correct
Lock openerKey West, FL
82.9%
'____ live the King!'Long Beach, CA
80.5%
Nine-pin or ten-pin sportBowling Green, KY
74.8%
Like Arizona's canyonGrand Island, NE
74.8%
Down on a mapSouth Bend, IN
74.4%
Jolly sleigh riderSanta Fe, NM
72.2%
Tonight Show host JohnnyCarson City, NV
70.1%
Environmentally-consciousGreen Bay, WI
69.8%
Object for a relay racerBaton Rouge, LA
63%
Holy personSaint Paul, MN
62%
Sumter or TiconderogaFort Collins, CO
57.9%
Like a jilted lover's heartBroken Arrow, OK
54%
Type of pianoGrand Forks, ND
53%
Like Bo Peep or Boy BlueLittle Rock, AR
52.4%
Clue City % Correct
Color of a 1968 Beatles albumWhite Plains, NY
50.5%
'____ of Eden' (Steinbeck novel)East Orange, NJ
49.4%
Cary and Ulysses S.Grants Pass, OR
48.1%
Type of ball used by a seerCrystal Lake, IL
47.2%
Pitcher KoufaxSandy Springs, GA
44.6%
Columnist LandersAnn Arbor, MI
37%
Another name for the pot, in pokerKitty Hawk, NC
36.5%
One of 50 in the USAState College, PA
35.7%
Dessert winePort Arthur, TX
35.4%
Adam or KanyeWest Jordan, UT
34.6%
Lebanese treeCedar Rapids, IA
31.5%
Hot off the pressNew Haven, CT
23.1%
Jacob or EsauTwin Falls, ID
22.3%
The 'F' in FBIFederal Way, WA
19.5%

You're not logged in!

Compare scores with friends on all Sporcle quizzes.
Join for Free
OR
Log In

You Might Also Like...

Show Comments

Extras

Top Quizzes Today


Score Distribution

Your Account Isn't Verified!

In order to create a playlist on Sporcle, you need to verify the email address you used during registration. Go to your Sporcle Settings to finish the process.

Report this User

Report this user for behavior that violates our Community Guidelines.

Details: